| 000 | 00876cam a22003017a 4500 | ||
|---|---|---|---|
| 003 | CHAP | ||
| 005 | 20220329135210.0 | ||
| 008 | 971013c19571951 r 00010 d | ||
| 010 | _a32483 | ||
| 011 | _a33455 | ||
| 035 | _a37570 | ||
| 040 | _cCHAP | ||
| 082 |
_a575.1 _bM38 |
||
| 100 | 0 | 0 |
_aMather, Kenneth. _972989 |
| 245 | 1 | 4 | _aThe measurement of linkage in heredity |
| 250 | _a2 ed. | ||
| 260 |
_aLondon : _bMathuen, _c1957 (c.1951) |
||
| 300 |
_a149 p. _b: ilus |
||
| 590 |
_aBATCH-UPD _b10 _c20130110 _lUCH01 _h1817 |
||
| 590 |
_aBATCH-UPD _b10 _c20130410 _lUCH01 _h1151 |
||
| 590 |
_aBATCH-UPD _b10 _c20130914 _lUCH01 _h1535 |
||
| 590 |
_aCONVERSION _b10 _c20130109 _lUCH01 _h1318 |
||
| 650 | 1 | 4 |
_aGenética. _947469 |
| 650 | 1 | 4 |
_aHerencia. _953725 |
| 901 | _aBK | ||
| 942 | _cLIBRO | ||
| 949 |
_a575.1 M38 _bBC _cLIBRO _d33724000427563 _eLIBRO _fc.2 _h15507 _i37570 _si _t23.50 |
||
| 999 |
_c32483 _d32483 |
||